Liquidació del pressupost : any 1920-21 / Mancomunitat de Catalunya any 1920-21 / Mancomunitat de Catalunya

Publicado: Barcelona : (Imp. de la Casa de Caritat) , 1921
Descripción Física: 195 p. ; 22 cm

MARC

LEADER 00000nam a2200000Ia 4500
001 511, 512
008 160829s1921 xx 000 0 cat d
080 |a M-3-163, DUP-130 
110 2 |a Catalunya.  |b Mancomunitat  |9 53015 
245 |a Liquidació del pressupost :  |b  any 1920-21 / Mancomunitat de Catalunya 
260 |a Barcelona :  |b (Imp. de la Casa de Caritat),  |c 1921 
300 |a 195 p. ;  |c 22 cm 
590 |a Hi ha un duplicat 
610 1 0 |a Catalunya.  |b Mancomunitat  |x Assignacions pressupostàries i despeses  |9 55730 
856 4 |u https://media.diba.cat/diba/fitxers/arxiu/mancomunitat/bib_512_1924_web.pdf  |y Octubre 1924 
856 4 |u https://media.diba.cat/diba/fitxers/arxiu/mancomunitat/bib_511_1921_web.pdf  |y Juliol 1921 
901 |a Arxiu 
942 |n 1 
952 |0 0  |1 0  |4 0  |6 M3163_DUP130  |7 1  |9 44774  |a Arxiu  |b Arxiu  |d 2016-12-01  |l 0  |o M-3-163, DUP-130  |p 511, 512  |r 2016-12-01 00:00:00  |w 2016-12-01  |y ARXIU 
999 |c 47356  |d 47356